000 01018nam a2200253 a 4500
001 000046835
005 20201002053138.0
008 180402s2015 dr ac 000 0 spa d
020 _a9789945586350
040 _aDO-SdBNP
_bspa
_cBNPHU
082 _axxxx
_bA162a
100 1 _aAbreu Cardet, José Miguel,
_d1951-
_964208
245 1 3 _aLa gran indignación :
_bSantiago de los Caballeros 24 de febrero de 1863 (documentos y análisis) /
_cJosé Abreu Cardet ; Elia Sintes Gómez.
260 _aSanto Domingo :
_bArchivo General de la Nación,
_c2015.
300 _a524 p. :
_bil., retrs. ;
_c23 cm.
490 1 _aArchivo General de la Nación
_v242
500 _aIncluye datos biográficos de los autores
500 _aIncluye referencias bibliográficas y notas al pie de las páginas
500 _aIncluye índice onomástico
504 _aBibliografía : p. 497-498
590 _aInventariado, 2018 /LP
700 1 _aSintes Gómez, Elia,
_d1956-
_964210
830 0 _aArchivo General de la Nación ;
_n242
_974784
999 _c46324
_d46324